Statistiques concernant Disney . Lettre E

Cliquez ici pour prendre le quiz!

Statistiques générales

  • Ce quiz a été pris 274 fois
  • Le résultat moyen est 11 sur 20

Statistiques - réponses

QuestionsRéponses% Correct
Objet que doit retirer Arthur du caillouEpée
97%
La belle de QuasimodoEsmeralda
96%
Animal représenté par Tic et TacEcureuil
89%
Le prince d'ArielEric
86%
Complétez les paroles de Pinocchio : " Quand on prie la bonne ... "Etoile
85%
Pays où se déroule l'action de RebelleEcosse
76%
Stitch est unExtraterrestre
71%
Le méchant des AristochatsEdgar
66%
Prénom véritable de Flynn RiderEugène
63%
Styliste, son nom est Mode. Son prénom estEdna
55%
Pays où se déroule l'action de la Ferme se rebelleEtats-Unis
53%
La luciole Ray cherche desespérement son ...Evangéline
45%
Truc et Muche sont desElans
41%
Grand amour de Carl FredricksenEllie
37%
Chien dans Oliver et Cie au nom de génieEinstein
30%
Nom de famille d'un terrifiant critique culinaireEgo
29%
Prénom de la mère de MeridaElinor
21%
Libellule dans Bernard et BiancaEvinrude
18%
Barney et Ian sont deux frères qui appartiennent à la race desElfes
17%
Prénom de la mère de TianaEudora
9%

Distribution des résultats

Percentile par nombre de réponses

% des personnes avec chaque résultat

Votre développement - résultats

Vous n’avez pas pris ce quiz